000 00629nam a2200241Ia 4500
001 37189
005 20240114001924.0
007 ta
008 070531s1968 a g b000 u 465 u
040 _aCotton College,Assam
041 _a465
082 _a942
_bMa 117 Hi
100 _aMacaulay, Lord .
245 0 _aThe History of England /
_cLord Macaulay.
_hTextual Documents
250 _a1st ed. /
260 _aLondon :
_bPenguin Books Ltd ,
_c1968.
300 _a569p. :
_bill ;
_c22cm .
653 _aHistory-England
653 _aG-History
942 _2ddc
_cBK
999 _c37171
_d37171